Análisis de sitios de concentración de choques en el anillo de circunvalación
שמור ב:
| מחבר ראשי: | |
|---|---|
| פורמט: | ספר |
| שפה: | Spanish |
| יצא לאור: |
[San José], Costa Rica
2014
|
| נושאים: | |
| תגים: |
הוספת תג
אין תגיות, היה/י הראשונ/ה לתייג את הרשומה!
|
MARC
| LEADER | 00000nam a22000007a 4500 | ||
|---|---|---|---|
| 003 | 011901 | ||
| 005 | 20221231143901.0 | ||
| 008 | 150317b2014 c ab||| |||| 00| 0 spa d | ||
| 040 | |c cru CEDI | ||
| 090 | |a TFG 7067 | ||
| 100 | |9 496 |a Rojas Mata, José Leonardo | ||
| 245 | |a Análisis de sitios de concentración de choques en el anillo de circunvalación | ||
| 260 | |a [San José], Costa Rica |c 2014 | ||
| 500 | |a Proyecto de graduación (licenciatura en ingeniería civil)--Universidad de Costa Rica. Facultad de Ingeniería. Escuela de Ingeniería Civil | ||
| 650 | |x ACCIDENTES DE TRANSITO - CAUSA Y DETERMINACION - COSTA RICA |x ACCIDENTES DE TRANSITO - IDENTIFICACION - COSTA RICA |x ACCIDENTES DE TRANSITO - PREVENCION - COSTA RICA |x VIAS DE CIRCUNVALACION - COSTA RICA |x SEGURIDAD VIAL - COSTA RICA |9 497 | ||
| 942 | |c TFG | ||
| 999 | |c 13718 |d 13718 | ||
